Sản xuất bạc hà

保存先:
書誌詳細
第一著者: Topatov, V
フォーマット: 図書
言語:Undetermined
出版事項: Hà Nội Nông nghiệp 1979
主題:
タグ: タグ追加
タグなし, このレコードへの初めてのタグを付けませんか!
Thư viện lưu trữ: Trung tâm Học liệu Trường Đại học Cần Thơ
LEADER 00526nam a2200181Ia 4500
001 CTU_13568
008 210402s9999 xx 000 0 und d
082 |a 633.85 
082 |b T673 
100 |a Topatov, V 
245 0 |a Sản xuất bạc hà 
245 0 |c V Topatov, T Popov, S Mikhailov 
260 |a Hà Nội 
260 |b Nông nghiệp 
260 |c 1979 
650 |a medical plants,vegetable oils 
904 |i Nguyễn Quang Điền, 961206 
980 |a Trung tâm Học liệu Trường Đại học Cần Thơ